| 000 | 00750nam a2200181 i 4500 | ||
|---|---|---|---|
| 001 | 130238 | ||
| 003 | ES-MaACL | ||
| 005 | 20230906193659.0 | ||
| 007 | t| | ||
| 008 | 070724s1947 sp ||||1| spa d | ||
| 100 | 1 |
_aZavala y Lafora, Juan de. _9118109 |
|
| 245 | 1 | 3 |
_aLa evolución de las ideas para la construcción de hospitales _b: el hospital "en bloque" / _cconferencia pronunciada el día 11 de noviembre de 1946... por el arquitecto Juan de Zavala y Lafora. |
| 260 |
_aMadrid : _bInstituto Nacional de Previsión, _c1947 ( _fGráf. Voluntas) |
||
| 300 |
_a27 p. ; _c21 cm. |
||
| 650 | 4 |
_aHospitales- _xDiseño y construcción. _913483 |
|
| 710 | 1 |
_aInstituto Nacional de Previsión (España) _95180 |
|
| 852 |
_aES-MaACL _j1864-F-11 _bR.23795 |
||
| 999 |
_c130238 _d130238 |
||